| 000 | 00511nam a2200181Ia 4500 | ||
|---|---|---|---|
| 999 |
_c15805 _d15805 |
||
| 003 | OSt | ||
| 005 | 20200606115834.0 | ||
| 008 | 190216s9999||||xx |||||||||||||| ||und|| | ||
| 020 | _a8186480013 | ||
| 040 | _cMESKC library | ||
| 082 |
_a891.43 _bSHA/R |
||
| 100 |
_aSharma, Hari Mohan _9286 |
||
| 245 | 0 |
_aRachna Se Samwad / _cHari Mohan Sharma |
|
| 260 |
_bSarthak Prakashan, _aNew Delhi _c1995. |
||
| 300 | _a115p | ||
| 650 | _aHindi | ||
| 942 |
_cBK _2ddc _h891.43 _iSHA/R _k891.43 _mSHA/R |
||